书目信息 |
| 书名: | Selling graphic design | |
| 作者: | by Don Sparkman ; foreword by Ed Gold. | |
| 分册号: | ||
| 分册名: | 出版地: | New York : |
|
| 出版社: | Allworth Press | |
| 出版时间: | c1999. | |
| 页数: | 240 p. : | |
| 开本: | 23 cm. | |
| 丛书名: | ||
| 中图分类号: | ||
| 科图分类号: | ||
| 其他分类号: | F270 | |
| 主题词: | ||
| 电子资源: | ||
| 000 | 01106cam a2200301 a 450 | |
| 001 | E0734940687 | |
| 005 | 20070519100610.59 | |
| 008 | 980708s1999 nyua bf 001 0 eng | |
| 010 | @a98072767 | |
| 020 | @a1581150172. | |
| 035 | @A(DLC) 98072767 | |
| 040 | @aDLC@cDLC@dDLC | |
| 043 | @an-us--- | |
| 050 | 00 | @aZ246@b.S658 1999 |
| 082 | 00 | @a381/.456862252@2 21 |
| 090 | @aF270 | |
| 099 | @dF270@ex39=2 | |
| 100 | 1 | @aSparkman, Don. |
| 245 | 10 | @aSelling graphic design / @cby Don Sparkman ; foreword by Ed Gold. |
| 250 | @a2nd ed. | |
| 260 | @aNew York :@bAllworth Press,@cc1999. | |
| 300 | @a240 p. :@bill. ;@c23 cm. | |
| 504 | @aIncludes bibliographical references (p. 225-226) and index. | |
| 650 | 0 | @aPrinting@zUnited States@vHandbooks, manuals, etc. |
| 650 | 0 | @aGraphic design (Typography)@zUnited States@xMarketing@vHandbooks, manuals, etc. |
| 906 | @a7@bcbc@corignew@d2@eopcn@f19@gy-gencatlg | |
| 925 | 0 | @aacquire@b2 shelf copies@xpolicy default; lj07 01-10-00 |
| 955 | @apn06 07-08-98; to SSCD pb02 12-14-99; se42 to lj00 01-04-00; lh37; to Dewey 01-10-00; aa20 01-20-00 | |
| Selling graphic design / / by Don Sparkman ; foreword by Ed Gold.-2nd ed.-New York : : Allworth Press, , c1999. |
| 240 p. : : ill. ; ; 23 cm. |
| Includes bibliographical references (p. 225-226) and index. |
| ISBN 1581150172. |
| ● |
| 相关链接 |
|
|
|
|
正题名:Selling graphic design
索取号:F270/x39=2
 
预约/预借
| 序号 | 登录号 | 条形码 | 馆藏地/架位号 | 状态 | 备注 |
| 1 | 10631 | 300106310 | 第二样本阅览室/ [索取号:F270/x39=2] | 在馆 | |
| 2 | 10632 | 300106329 | 第四借阅区/ [索取号:F270/x39=2] | 在馆 | |
| 3 | 10727 | 300107275 | 第四借阅区/ [索取号:F270/x39=2] | 在馆 |